000 00726nam a2200253Ia 4500
003 OSt
005 20220928110051.0
006 a|||||r|||| 00| 0
007 ta
008 220927b |||||||| |||| 00| 0 hin d
020 _cINR 900.00
024 _a135084
037 _b69, 08/03/2017, Kiran Book Service
_cTextual
040 _aSDCL
_cSDCL
_bhin
041 _2hin
_ahin
082 _aQ224v, Q6
100 _aMehrotra Shriram
_9417984
245 0 _aRam utkarsh ka itihas
260 _aNew Delhi
_bLokbhrati Prakashan
_c2016
300 _a424p.
_ccm.
650 _aHindi
_9391598
942 _hQ224v, Q6
_cTEXL
_2CC
999 _c733974
_d733974